Curve and surface fitting: Saint-Malo 99 (Record no. 39323)

MARC details
000 -LEADER
fixed length control field 00881nam a2200229 a 4500
008 - FIXED-LENGTH DATA ELEMENTS--GENERAL INFORMATION
fixed length control field 090402s2000 ||||||||||||||||| || u
020 ## - INTERNATIONAL STANDARD BOOK NUMBER
International Standard Book Number 0826513573
050 ## - LIBRARY OF CONGRESS CALL NUMBER
Classification number T 385 Cur
100 ## - MAIN ENTRY--PERSONAL NAME
Personal name Schumaker, Larry L., 1939-
245 10 - TITLE STATEMENT
Title Curve and surface fitting: Saint-Malo 99
Statement of responsibility, etc. edited by Albert Cohen, Christophe Rabut [and] Larry L. Schumaker
260 ## - PUBLICATION, DISTRIBUTION, ETC.
Place of publication, distribution, etc. Nashville
Name of publisher, distributor, etc. Vanderbilt University Press
Date of publication, distribution, etc. 2000
300 ## - PHYSICAL DESCRIPTION
Extent xx, 420p.: ill.
350 ## - PRICE (NR) (BK AM CF MU VM SE) [OBSOLETE]
Price 0.00
490 ## - SERIES STATEMENT
Series statement Innovations in applied mathematics
650 ## - SUBJECT ADDED ENTRY--TOPICAL TERM
Topical term or geographic name entry element COMPUTING
650 ## - SUBJECT ADDED ENTRY--TOPICAL TERM
Topical term or geographic name entry element COMPUTER-AIDED DESIGN
650 #0 - SUBJECT ADDED ENTRY--TOPICAL TERM
Topical term or geographic name entry element COMPUTER GRAPHICS
650 ## - SUBJECT ADDED ENTRY--TOPICAL TERM
Topical term or geographic name entry element CURVES ALGEBRAIC--DATA
700 ## - ADDED ENTRY--PERSONAL NAME
Personal name Cohen, Albert, 1965-
700 ## - ADDED ENTRY--PERSONAL NAME
Personal name Rabut, Christophe, 1951-
995 ## - RECOMMENDATION 995 [LOCAL, UNIMARC FRANCE]
-- 0.00
-- CBU-MAIN LIBRARY (Kitwe)
-- 1
-- 0.00
-- 1
-- AVAILABLE
-- Apr 2, 2009
-- Main Library Open Access Collection
Holdings
Withdrawn status Lost status Source of classification or shelving scheme Damaged status Not for loan Home library Current library Shelving location Date acquired Total Checkouts Full call number Barcode Date last seen Price effective from Koha item type
          CBU-MAIN LIBRARY, KITWE. CBU-MAIN LIBRARY, KITWE.   11/30/2022   T 385 Cur 739697 11/30/2022 11/30/2022 MONOGRAPH